| 000 | 00327nam a22001217a 4500 | ||
|---|---|---|---|
| 003 | OSt | ||
| 008 | 150427b xxu||||| |||| 00| 0 eng d | ||
| 100 | 1 | _aWillcocks, R.M. | |
| 041 | _aeng | ||
| 245 | 1 | 0 | _aThe British county catalogue of Postal History |
| 260 |
_aPerth, Scotland _bR. M. Willcocks, Perth, Scotland |
||
| 300 | _a0 pages | ||
| 999 |
_c1355 _d1355 |
||